00633 2200217 4500001002100000005001500021035002000036007000300056008004100059020001500100082001100115084001700126100002900143245009500172250001000267260004000277300004000317650002100357504002800378990000900406INLIS00000000000582420200629103858 a0010-0620000104ta200629 g 0 ind  a9793084391 a633.88 a633.88 WIR t0 aWIRYOWIDAGDO, sudjaswadi1 aTanaman Obat untuk Penyakit Jantung, Darah Tinggi, & Kolesterol /cSudjaswadi Wiryowidagdo aCet.1 aJakarta :bAgroMedia Pustaka,c2002 avi, 82 hlm :b.ilus ;c15 x 23,5 cm 4aObat tradisional aBibliografi : Hal 76-78 a492c